Loading...
Auditory Arts | 7 | 24.29 | 100% | 86% | 57% |
Beliefs | 11 | 20.00 | 100% | 73% | 27% |
Current Events | 5 | 22.00 | 100% | 100% | 20% |
Fine Arts - Other Arts | 10 | 20.00 | 90% | 80% | 30% |
Geography | 2 | 20.00 | 100% | 50% | 50% |
History - American History | 7 | 21.43 | 100% | 71% | 43% |
History - Ancient History | 5 | 24.00 | 100% | 100% | 40% |
History - European History | 7 | 24.29 | 100% | 100% | 43% |
History - Other History | 2 | 30.00 | 100% | 100% | 100% |
History - World History | 9 | 24.44 | 100% | 89% | 56% |
Literature - American Literature | 8 | 22.50 | 100% | 100% | 25% |
Literature - British Literature | 6 | 21.67 | 100% | 100% | 17% |
Literature - European Literature | 9 | 24.44 | 100% | 89% | 56% |
Literature - World Literature | 8 | 25.00 | 100% | 88% | 63% |
Other Academic | 2 | 15.00 | 50% | 100% | 0% |
Philosophy | 8 | 23.75 | 100% | 75% | 63% |
Science - Biology | 4 | 17.50 | 100% | 75% | 0% |
Science - Chemistry | 7 | 17.14 | 100% | 71% | 0% |
Science - Other Science | 9 | 22.22 | 89% | 89% | 44% |
Science - Physics | 7 | 24.29 | 100% | 100% | 43% |
Social Science | 11 | 20.91 | 100% | 82% | 27% |
Visual Arts | 10 | 20.00 | 100% | 70% | 30% |